000 00812nam a2200181Ia 4500
008 100921s9999 xx 000 0 und d
082 _b10150
_a801.95 थ 73
100 _aजोग रा.श्री.संपा.
245 _aमराठी वाङ्रमयाचा इतिहास खंड 3.
260 _bमहाराष्ट्र साहित्य परिषद,पुणे.
_c1973
300 _a659
_b---
365 _b30
520 _aललित-टीका,तत्वे,तंत्र.
630 _aमराठी वाङ्रमयाचा इतिहास खंड 3.
650 _aललित-टीका,तत्वे,तंत्र.
730 _aमराठी वाङ्रमयाचा इतिहास खंड 3.
942 _cBOOK
999 _c759263
_d759260